000 00660nam a22001697i 4500
999 _c23330
_d23330
003 AR-CdUCM
008 250722b20122012 pe||||| |||| 00| 0 spa d
040 _aMUNICIPALIDAD PROVINCIAL DEL CUSCO
_cBIBLIOTECA MUNICIPAL DEL CUSCO
041 _hspa
082 _a918.5 / D3
_bD3
110 _aCentro de Estudios Regionales Andinos Bartolomé de las Casas CBC
_934840
245 _aDescubriendo los Andes, de la mano con los campesinos
300 _a54 páginas. :
_bIlustraciones
_c27x21 cm.
505 _aViaja diferente -- Alójate diferente -- Compra diferente -- ¿Quieres saber mas de la cultura andina?
942 _2ddc
_cLIBROS
945 _apbjr
_d22-07-2025